000 00627nam a2200205 i 4500
001 7445
003 ES-MaACL
005 20230906145233.0
007 t|
008 910118s1990 sp ||||1| spa d
020 _a84-270-1473-2
080 _a893.1-31"19"
080 _a893.1(Mahfuz,N.7 A.03=6)
100 1 _aMahfuz, Naguib.
_975531
245 1 3 _aLa Azucarera /
_cNaguib Mahfuz ; traduccion del arabe de Eugenia Galvez Vazquez... [et al.].
260 _aBarcelona :
_bAlcor,
_cD.L. 1990.
300 _a272 p. ;
_c24 cm.
700 1 _aGálvez Vázquez, Eugenia.
_953729
852 _aES-MaACL
_jL-14716
_bR.118782
_z. - rust.
999 _c7445
_d7445